Pāṇinīyadhātupāṭhasamīkṣā. (Record no. 72627)

MARC details
000 -LEADER
fixed length control field 01007cam a22002771 4500
001 - CONTROL NUMBER
control field sa 67001429
003 - CONTROL NUMBER IDENTIFIER
control field DLC
005 - DATE AND TIME OF LATEST TRANSACTION
control field 20260227112322.0
008 - FIXED-LENGTH DATA ELEMENTS--GENERAL INFORMATION
fixed length control field 881007s1965 ii 000 0 san
010 ## - LIBRARY OF CONGRESS CONTROL NUMBER
LC control number sa 67001429
035 ## - SYSTEM CONTROL NUMBER
System control number (OCoLC)18580117
040 ## - CATALOGING SOURCE
Original cataloging agency DLC
Transcribing agency NRU
Modifying agency MiU
-- DLC
042 ## - AUTHENTICATION CODE
Authentication code premarc
050 00 - LIBRARY OF CONGRESS CALL NUMBER
Classification number PK521.D53
Item number T7
100 1# - MAIN ENTRY--PERSONAL NAME
Personal name Tripāṭhī, Bhāgīrathaprasāda.
245 10 - TITLE STATEMENT
Title Pāṇinīyadhātupāṭhasamīkṣā.
Statement of responsibility, etc. lekhakaḥ sampd̄akasha Bhāgīrathaprasāda Tripṭ̄hī 'Vḡīśḥśāstrī.
260 ## - PUBLICATION, DISTRIBUTION, ETC.
Place of publication, distribution, etc. Vārāṇasyāṃ,
Name of publisher, distributor, etc. [Director, Research Institute, Varanaseya Sanskrit Vishvavidyalaya]
Date of publication, distribution, etc. [1965]
300 ## - PHYSICAL DESCRIPTION
Extent 19, 764 p.
Dimensions 26 cm.
490 0# - SERIES STATEMENT
Series statement Sarasvatībhavana-adhyayanaml̄ā,
Volume/sequential designation 14
500 ## - GENERAL NOTE
General note Added t.p.: Pāṇinīya-Dhātupāṭha-samīkṣā.
500 ## - GENERAL NOTE
General note In Sanskrit.
504 ## - BIBLIOGRAPHY, ETC. NOTE
Bibliography, etc. note Bibliography: p. [762]-764.
600 00 - SUBJECT ADDED ENTRY--PERSONAL NAME
Personal name Pṇ̄inī.
Title of a work Dhātupāṭha.
650 #0 - SUBJECT ADDED ENTRY--TOPICAL TERM
Topical term or geographic name entry element Sanskrit language
General subdivision Roots.
740 0# - ADDED ENTRY--UNCONTROLLED RELATED/ANALYTICAL TITLE
Uncontrolled related/analytical title Pāṇinīya-Dhātupṭ̄ha-samīkṣā.

No items available.

Powered by Koha